Impact of information systems on business competitiveness

Na minha lista:
Detalhes bibliográficos
Autor principal: Sudzina, František
Formato: Capítulo de Livro
Idioma:inglês
Tags: Adicionar Tag
Sem tags, seja o primeiro a adicionar uma tag!

MARC

LEADER 00000naa$a2200000$$$4500
001 0064625
005 20240502083156.1
041 0 |a eng 
044 |a SI 
245 1 0 |a Impact of information systems on business competitiveness  |c František Sudzina 
100 1 |a Sudzina, František